000 00740nam a2200229Ii 4500
003 JO-AjNU
008 230605s9999||||xx |||||||||||||| ||und||
017 _a2019/8/4415
020 _a978-9957-92-220-7
040 _aJO-AjNU
_bara
_erda
_cJO-AjNU
041 _aara
050 1 4 _aDS116.2020
100 3 _aحميدي، فتحي سالم,
_eauthor
_960224
245 0 0 _aاليهود في العصور الاسلامية
250 _aط1
264 3 1 _aعمان: دار الفكر ناشرون وموزعون، 2020
300 _a295ص
336 _atext
_btxt
_2rdacontent
337 _aunmediated
_bn
_2rdamedia
338 _avolume
_bnc
_2rdacarrier
650 4 _aالاقليات-اليهود-التاريخ-اليهودية
_960225
999 _aA27145
_c30713
_d30713